|
|
|
|
| LEADER |
00000nab a22000001a 4500 |
| 001 |
vtls009408921 |
| 003 |
SK-MaSNL |
| 005 |
20260305004942.0 |
| 008 |
081121c192501 xo |r|p|||| |000 b|slo |
| 015 |
|
|
|a SNBRRBVU1918-1938
|
| 015 |
|
|
|a SNBRB1918-1938
|
| 038 |
|
|
|a SNKBUCL
|
| 038 |
|
|
|a SNKBUVU
|
| 040 |
|
|
|a SNKBUVU
|b slo
|c SNKBUCL
|e AACR2
|
| 041 |
0 |
|
|a slo
|
| 044 |
|
|
|a xo
|c SK
|
| 080 |
|
|
|a 75.071.1:061.4
|2 1997
|
| 080 |
|
|
|a 929 Pirner, Maximilián
|2 1997
|
| 100 |
1 |
|
|a Šalounová, Bedřiška
|4 aut
|9 1474601
|
| 245 |
1 |
0 |
|a Posmrtná výstavka diel Maxa Pirnera
|c [autor] B. Šal.
|
| 600 |
1 |
7 |
|a Pirner, Maximilián,
|d 1854-1924
|x výstavy
|2 snkbucl
|9 1583223
|
| 648 |
|
7 |
|a 1925
|2 MM
|9 281864
|
| 651 |
|
7 |
|a Praha (Česko)
|2 MM
|9 19313
|
| 773 |
0 |
|
|g Slovenské pohľady Roč. 41, č. 1 (1925), s. 53-54
|
| 852 |
|
|
|a SNK
|b KIS3GCP
|
| 910 |
|
|
|a snkrbvumm
|
| 958 |
|
|
|a VY
|
| 958 |
|
|
|a CZ
|
| 999 |
|
|
|c 3238213
|d 3240143
|